Départements français (90-989) - Statistiques

Statistiques générales
  • Ce quiz a été pris 24 fois
  • Le résultat moyen est 9 sur 19
Statistiques - réponses
Hint Réponse % Correct
972 Martinique
95%
971 Guadeloupe
91%
93 Seine-Saint-Denis
91%
91 Essonne
82%
92 Hauts-de-Seine
82%
94 Val de Marne
82%
95 Val d'Oise
82%
974 La Réunion
77%
973 Guyane
73%
90 Territoire de Belfort
73%
976 Mayotte
41%
975 Saint-Pierre-et-Miquelon
32%
988 Nouvelle-Calédonie
9%
986 Wallis-et-Futuna
9%
987 Polynésie française
5%
977 Saint Barthélémy
5%
989 Île de Clipperton
0%
978 Saint Marin
0%
984 Terres Australes
0%
Aucun quiz correspondant
Distribution des résultats
% des personnes avec chaque résultat
Percentile par nombre de réponses
Votre historique - résultats
Vous n’avez pas pris ce quiz